June 23rd: Birthdays - Statistics

General Stats
  • This quiz has been taken 6 times
  • The average score is 3 of 9
Answer Stats
Year Clue Answer % Correct
1912 WWII Computer Scientist Alan Turing
67%
1894 King of the UK Edward VIII
50%
1957 Actress in Fargo Frances McDormand
50%
1929 Singer on the Johnny Cash Show June Cash
50%
1948 US Supreme Court Justice Clarence Thomas
17%
1984 Artist of Mercy Duffy
17%
1910 Playwright of Antigone Jean Anouilh
17%
1972 Real Madrid Manager Zinedine Zidane
17%
1972 Actress in Legally Blond Selma Blair
0%
No matching quizzes found
Score Distribution
Percent of People with Each Score
Percentile by Number Answered
Your Score History
You have not taken this quiz